Qu'est ce que tu regardes ? - Statistiques

Statistiques générales
  • Ce quiz a été pris 92 fois
  • Le résultat moyen est 15 sur 25
Statistiques - réponses
Hint Réponse % Correct
Kaamelott
94%
Le Juste Prix
82%
Le 11 septembre 2001
81%
Mai 68
81%
Next
79%
Confessions intimes
74%
La minute de René
73%
L'Heure des pros
73%
Game of Thrones
70%
The Dark Knight Rises
69%
Le 30 mars 1981
68%
Le Coup du berger
68%
Les Tudors
64%
Inception
58%
Sept à la maison
58%
Au nom de la vérité
57%
Ce soir (ou jamais !)
56%
Le Coup du foulard
55%
Confessions nocturnes
52%
La Fête à la maison
48%
Notre belle famille
45%
Le Printemps de Prague
44%
Nulle Part Ailleurs
44%
Minuit à Paris
34%
Le Supplément
21%
Aucun quiz correspondant
Distribution des résultats
% des personnes avec chaque résultat
Percentile par nombre de réponses
Votre historique - résultats
Vous n’avez pas pris ce quiz